000 00272nam a2200121Ia 4500
008 190216s9999||||xx |||||||||||||| ||und||
100 _aRama N Reddy
245 0 _aFortran 77
260 _bJaico Publishing House
_c1989
300 _a565p
650 _aComputer
942 _cBK
999 _c8427
_d8427